000 00875 a2200217 4500
010 _aENG-89906
020 _c150.00
035 _aEN-73439
037 _bDBAD / PUB
082 1 4 _a338.7
090 _c11986
_d11986
100 1 _aChawdhry, B.B.
245 1 _aPolitics, ethics and social responsibility of business:
_cby B.B. Chawdhry , S.B. George [and] Prem Chand Gupta
_ba textbook for B.Com.(Hons.) papar VII B of Delhi University)/
260 _aDelhi :
_bShree Mahavir Book Depot (Publishers)
_c2005-06
270 _a2603, Nai Sarak,
_b Delhi
_cDelhi :
_e110006
_k23262993, 23270792
_l011-23270792
_mmahavirpublications@hotmail.com
300 _a416p.
_c22 cm (pbk)
700 _aGeorge, S.B.
700 _aGupta, Prem Chand
942 _adpl
_cEN
_k338.7 / CHA
999 _c11632
_d11632